Zero-symmetric graphs : trivalent graphical regular representations of groups /

Bibliographic Details
Main Author: Coxeter, H. S. M. (Harold Scott Macdonald), 1907-2003
Other Authors: Frucht, Roberto, Powers, David L.
Format: Book
Language:English
Published: New York : Academic Press, 1981.
Subjects:

MARC

Tag First Indicator Second Indicator Subfields
LEADER 00000cam a2200000 a 4500
001 in00000096577
005 20150924084713.0
008 810729s1981 nyua b 00110 eng
010 |a  81004604  
020 |a 0121945804 
035 |a (OCoLC)07661254 
035 |9 AAK8706AM 
039 0 |a 2  |b 3  |c 3  |d 3  |e 3 
040 |a DLC  |c DLC  |d TXA  |d UtOrBLW 
049 |a TXAM  |c [952199] 
050 0 0 |a QA166  |b  C66 
082 0 |a 511/.5  |2 19 
100 1 |a Coxeter, H. S. M.  |q (Harold Scott Macdonald),  |d 1907-2003. 
245 1 0 |a Zero-symmetric graphs :  |b trivalent graphical regular representations of groups /  |c H.S.M. Coxeter, Roberto Frucht, David L. Powers. 
264 1 |a New York :  |b Academic Press,  |c 1981. 
300 |a ix, 170 pages :  |b illustrations ;  |c 24 cm. 
336 |a text  |b txt  |2 rdacontent 
337 |a unmediated  |b n  |2 rdamedia 
338 |a volume  |b nc  |2 rdacarrier 
500 |a Includes index. 
504 |a Bibliography: 165-168. 
650 0 |a Graph theory. 
650 0 |a Representations of groups. 
700 1 |a Frucht, Roberto. 
700 1 |a Powers, David L. 
999 |a MARS 
999 f f |s 3d2b2b9d-55c9-3ea7-9867-f2e2d4aefdf8  |i 646f4927-299d-332f-9e0a-51dc74345b8d  |t 0 
952 f f |p ric  |a Texas A&M University  |b Rellis Campus  |c Joint Library Facility  |d Remote Storage  |t 0  |e QA166 C66  |h Library of Congress classification  |i unmediated -- volume  |m A14806038278 
998 f f |a QA166 C66  |t 0  |l Remote Storage